Statistics for Black Panther Tracklist (Kendrick Lamar,SZA)

Click here to take the quiz!

General Stats

  • This quiz has been taken 8 times
  • The average score is 6 of 14

Answer Stats

HintAnswer% Correct
2All The Stars
(with SZA)
100%
9King's Dead
(with Kendrick Lamar, Future & James Blake)
75%
14Pray For Me
(with Kendrick Lamar)
75%
13Big Shot
(with Travis Scott)
63%
1Black Panther
63%
3X
(with 2 Chainz & Saudi)
63%
7Paramedic!
50%
5Opps
(with Yugen Blakrok)
38%
8Bloody Waters
(with Anderson .Paak & James Blake)
25%
11Redemption
(with Babes Wodumo)
25%
10Redemption Interlude
25%
6I Am
13%
12Seasons
(with Sjava & Reason)
13%
4The Ways
(with Swae Lee)
13%

Score Distribution

Percentile by Number Answered

Percent of People with Each Score

Your Score History

You have not taken this quiz